Game of Thrones Houses Sorting Gallery Quiz Stats

 Plays Quiz Updated Apr 12, 2015

Score 0/71 Timer 08:00
11 Plays Today
% Correct
Arya
96.8%
Bran
94.9%
Eddard
92.8%
Robb
90.1%
Benjen
88.1%
Sansa
87.2%
Rickon
87%
Tyrion
85%
Stannis
84.9%
Cersei
84.9%
Tywin
84.5%
Jaime
84.5%
Joffrey
83.8%
Brandon
82.4%
Renly
82%
Robert
81.7%
Tommen
80.7%
Margaery
78.8%
Myrcella
78.5%
Theon
78.3%
Catelyn
77.4%
Lancel
77.2%
Daenerys
77.1%
Loras
75.8%
Aegon
74.1%
Lyanna
74%
Oberyn
73.4%
Jon
72.6%
Balon
72.4%
Rhaegar
72.3%
Lysa
71.3%
Edmure
69.8%
Viserys
69.6%
Kevan
69.6%
Aerys
69.4%
Robert
69%
% Correct
Euron
66.5%
Shireen
66.1%
Asha
64.6%
Rhaenys
64%
Mace
63.5%
Elia
61.8%
Hoster
59.3%
Rickard
58.9%
Rhaella
58.5%
Brynden
58.4%
Doran
57.4%
Joanna
55.6%
Trystane
52.2%
Victarion
52.1%
Quentyn
51.3%
Tyrek
48.7%
Aeron
48.5%
Arianne
47.7%
Tygett
46.2%
Willas
43.9%
Garlan
42%
Garth
37.2%
Genna
36%
Steffon
35.5%
Stafford
31.9%
Alys
31.5%
Maron
31.3%
Denys
27.5%
Elbert
26.9%
Ronnel
26.5%
Rowena
26.3%
Daven
26%
Janna
24.5%
Mina
23.6%
Rodrik
22.2%

You're not logged in!

Compare scores with friends on all Sporcle quizzes.
OR
Log In

Show Comments

Extras

Top Quizzes Today


Score Distribution

Your Account Isn't Verified!

In order to create a playlist on Sporcle, you need to verify the email address you used during registration. Go to your Sporcle Settings to finish the process.

Report this User

Report this user for behavior that violates our Community Guidelines.

Details: